Çocuklar (Record no. 916)

MARC details
000 -BAŞLIK
Sabit Uzunlukta Kontrol Alanı 02025na a2200481 4500
001 - KONTROL NUMARASI
Denetim Alanı 19680
003 - KONTROL NUMARASI IDENTIFIER
Denetim Alanı MIRAKIL
005 - SON İŞLEM TARİHİ VE ZAMANI
Denetim Alanı 20181213154805.0
008 - SABİT-BOY VERİ ELEMANLARI - GENEL BİLGİLER
Sabit Uzunlukta Kontrol Alanı 170126b tu 000 0
035 ## - SİSTEM KONTROL NUMARASI
Sistem Kontrol Numarası 19680
040 ## - KATALOGLAMA KAYNAK
Orijinal Kataloglama Ajansı Milas
Kataloglama Dili tur
Metne Dönüştürmek Ajansı TR-AnCHP
041 ## - DİL KODU
Metin / Ses Parça Veya Ayrı Başlığın Dil Kodu tur
082 ## - DEWEY ONLU SINIFLANDIRMA NUMARASI
Sınıflandırma Numarası CHP 324.2372
Ürün Numarası C36ç 2011
090 ## - SINIFLAMA NUMARASI
Sınıflama Numarası BROŞÜR 96
110 ## - ANA GİRİŞ - KURUMSAL ADI
Giriş Elemanı Olarak Kurumsal Ad Veya Yargı Alanı Adı Cumhuriyet Halk Partisi (CHP)
Alt Birim Bilim, Yönetim ve Kültür Platformu
222 ## - ANAHTAR ADI
Anahtar Başlık Çocuklar için program
245 ## - BAŞLIK TABLOSU
Başlık Çocuklar
Başlığın Kalan Geleceğe umutla bakacak
Sorumluluk Tablosu, Vb CHP Bilim, Yönetim ve Kültür Platformu
246 ## - UNVAN FORM VARYING
Başlık Doğru / Kısa Başlığı Çocuklar geleceğe umutla bakacak
260 ## - YAYIN, DAĞITIM, VB
Yayın, Dağıtım, Vb Yeri Ankara
Yayıncı, Dağıtıcı, Vs Adı CHP
Yayın, Dağıtım, Vb Tarihi 2011
300 ## - FİZİKSEL TANIM
Kapsam 36 s.
Diğer Fiziksel Ayrıntıları rnkl. fotg., grf.
Boyutlar 21 sm.
440 ## - SERİSİ TABLOSU / KATMA GİRİŞİ - BAŞLIK
Başlık Cumhuriyet Halk Partisi yayınları
Bir İşin Parçası / Bölümün İsmi Herkes için CHP dizisi
Hacim / Ardışık Tanımı Programlar
490 ## - SERİSİ TABLOSU
Seri Beyanı CHP Bilim, Yönetim ve Kültür Platformu çalışmaları
500 ## - GENEL NOT
Genel Not Ara kapakta adı : Türkiye rahat bir nefes alacak
505 ## - BİÇİMLENDİRİLDİ İÇİNDEKİLER NOT
Biçimlendirilmiş İçeriği Dikkat 1. Türkiye'de çocuk ve çocuk politikaları - 2. CHP'nin ulusal çocuk politikası: Hayata eşit hak ve fırsatlarla başlamak
600 ## - KONU KATMA GİRİŞ - KURUMSAL ADI
Kişisel Ad Kılıçdaroğlu, Kemal
Genel Alt Bölümü Propaganda ve ideolojiler
Kronolojik Alt Bölümü Çocuk hakları
600 ## - KONU KATMA GİRİŞ - KURUMSAL ADI
Kişisel Ad Kılıçdaroğlu, Kemal
Başlıklar Ve Bir Adla İlişkili Diğer Kelimeler CHP Genel Başkanı
Genel Alt Bölümü Seçim kampanyaları, 2011
Kronolojik Alt Bölümü Çocuklar
610 ## - KONU KATMA GİRİŞ - TOPLANTI ADI
Giriş Elemanı Olarak Kurumsal Ad Veya Yargı Alanı Adı CHP
Genel Alt Bölüm Çocuk ve sorunları
Kronolojik Alt Bölüm Çözüm önerileri
610 ## - KONU KATMA GİRİŞ - TOPLANTI ADI
Giriş Elemanı Olarak Kurumsal Ad Veya Yargı Alanı Adı CHP
Genel Alt Bölüm Programlar, 2011
Kronolojik Alt Bölüm Çocuk politikası
610 ## - KONU KATMA GİRİŞ - TOPLANTI ADI
Giriş Elemanı Olarak Kurumsal Ad Veya Yargı Alanı Adı CHP
Genel Alt Bölüm Seçim kampanyaları, 2011
Kronolojik Alt Bölüm Çocuk politikası
610 ## - KONU KATMA GİRİŞ - TOPLANTI ADI
Giriş Elemanı Olarak Kurumsal Ad Veya Yargı Alanı Adı CHP
Genel Alt Bölüm Propaganda ve ideolojiler
Kronolojik Alt Bölüm Kılıçdaroğlu dönemi
-- Genel seçimler, 2011
651 ## - KONU KATMA GİRİŞ - COĞRAFİ ADI
Coğrafi İsim Türkiye
Genel Alt Bölümü Siyaset ve yönetim
Kronolojik Alt Bölümü 2011-2015
710 ## - KATMA GİRİŞ - KURUMSAL ADI
Giriş Elemanı Olarak Kurumsal Ad Veya Yargı Alanı Adı CHP Bilim, Yönetim ve Kültür Platformu
740 ## - KATMA GİRİŞ - KONTROLSUZ İLGİLİ / ANALİTİK BAŞLIK
Kontrol Edilmeyen / İlgili Analitik Başlıktaki Çocuklar geleceğe umutla bakacak
830 ## - SERİSİ EKLENDİ GİRİŞ - ÜNİFORM ADI
Üniforma Başlık Herkes için CHP dizisi
830 ## - SERİSİ EKLENDİ GİRİŞ - ÜNİFORM ADI
Üniforma Başlık CHP programları
942 ## - EKLENDİ GİRİŞ ELEMANLARI (KOHA)
Sınıflandırma Veya Raf Düzeni Kaynak
Koha Öğesi Türü Books
999 ## - SİSTEM KONTROL NUMARALARI (KOHA)
Koha Biblionumber 916
Koha Biblioitemnumber 916
657 ## - INDEX SÜRE - İŞLEVİ
-- CHP çocuk programı
657 ## - INDEX SÜRE - İŞLEVİ
-- CHP seçim propagandaları
657 ## - INDEX SÜRE - İŞLEVİ
-- CHP seçim kampanyaları
657 ## - INDEX SÜRE - İŞLEVİ
-- Herkes için CHP kampanyası
657 ## - INDEX SÜRE - İŞLEVİ
-- CHP çocuklar için programları
Holdings
Kullanım Kısıtlamaları Kalıcı Konum Mevcut Konum Edinme Tarihi Edinim Kaynak Kodlu Konum Eleme Toplam Check-Out'Lar Tam Çağrı Numarası Barkod Tarih Son Görülme Kopya Sayısı İtibaren Geçerli Fiyatlar Koha Öğesi Türü
Kütüphane dışına çıkarılamaz CHP Kütüphanesi CHP Kütüphanesi 12/25/2016 Bağış BROŞÜRLER   BROŞÜR 96 011227 12/25/2016 k.10 12/25/2016 Visual Material